Score 0/22 Timer 08:00
2 Plays Today
Verse/Lines Title of Poem % Correct
'But the silence was unbroken, and the stillness gave no token,/And the only word there spoken was the whispered word, 'Lenore?'The Raven
89.5%
'The children were nestled all snug in their beds,/while visions of sugar-plums danced in their heads.'A Visit From St. Nicholas
61.5%
'But a bird that stalks/down his narrow cage/can seldom see through/his bars of rage..'I Know Why the Caged Bird Sings
57.8%
'He holds him with his glittering eye --/The Wedding-Guest stood still,/And listens like a three years' child:/The Mariner hath his will.'Rime of the Ancient Mariner
54.1%
'Boldly they rode and well,/Into the jaws of Death,/Into the mouth of Hell/Rode the six hundred.'The Charge of the Light Brigade
52.3%
'...In the forests of the night;/What immortal hand or eye/Could frame thy fearful symmetry?/In what distant deeps or skies./Burnt the fire of thine eyes?'The Tyger (Tyger! Tyger! Burning Bright)
51.7%
'But O heart! heart! heart!/O the bleeding drops of red,/Where on the deck my Captain lies,/Fallen cold and dead'O Captain! My Captain!
49.9%
'And leave in our town not even a trace/Of the rats!' -- When suddenly, up the face/
Of the Piper perked in the market-place'
The Pied Piper of Hamelin
44.9%
'...Thou art more lovely and more temperate./Rough winds do shake the darling buds of May,/And Summer's lease hath all too short a date.'Shall I Compare Thee to a Summer's Day? (Sonnet 18)
44.2%
'My little horse must think it queer/to stop without a farmhouse near/Between the woods and frozen lake...'Stopping By Woods on a Snowy Evening
39.5%
'They took some honey, and plenty of money/wrapped up in a five-pound note./The Owl looked up to the stars above,/And sang to a small guitar,'The Owl and the Pussycat
37.4%
Verse/Lines Title of Poem % Correct
'When all at once I saw a crowd,/A host of golden daffodils;/Beside the lake, beneath the trees,/Fluttering and dancing in the breeze.'I Wandered Lonely as a Cloud (The Daffodils)
33.7%
'Thro' many dangers, toils, and snares/I have already come;/'Tis grace that brought me safe thus far,/And grace will lead me home.'Amazing Grace
33.2%
'-- I love thee with the breath,/Smiles, tears, of all my life!--and if God chose,/I shall but love thee better after death.'How Do I Love Thee?
32.7%
'Then he climbed the tower of the Old North Church,/By the wooden stairs, with stealthy tread,/To the belfry chamber overhead,'Paul Revere's Ride
32.5%
'Now it catches the gleam of the morning's first beam,/In full glory reflected now shines in the stream.'Defence of Fort McHenry (Star Spangled Banner)
24.8%
'...It sits looking/over harbor and city/on silent haunches/
and then moves on.'
The Fog
22.2%
'O my luve is like the melodie/That's sweetly play'd in tune.'A Red, Red Rose
20%
'The way into my parlour is up a winding stair,'/'Oh no, no,' said the little Fly, 'to ask me is in vain,/For who goes up your winding stair can ne'er come down again.'The Spider and the Fly
15.2%
'How dreary -- to be -- Somebody!/How public--like a frog--/To tell one's name - the livelong June -/To an admiring Bog!'I'm Nobody! Who Are You?
13.9%
'There's no such Cat in the metropolis;/He holds all the patent monopolies/For performing surprising illusions/And creating eccentric confusions.'Mr. Mistoffelees
6.3%
'C is for Clara who wasted away/D is for Desmond thrown out of a sleigh/E is for Ernest who choked on a peach/F is for Fanny sucked dry by a leech'The Gashlycrumb Tinies
5.7%
Remove Ads.
Support Sporcle.
Get the best of Sporcle when you Go Orange. This ad-free experience offers more features, more stats, and more fun while also helping to support Sporcle. Thank you for becoming a member.

You're not logged in!

Compare scores with friends on all Sporcle quizzes.
OR
Log In

Sporcle TV

Today on Sporcle TV


Watch our educational content, quiz creation guides, and fun videos on Sporcle TV.

Show Comments

Extras

Top Quizzes Today


Score Distribution

Paid Content

Your Account Isn't Verified!

In order to create a playlist on Sporcle, you need to verify the email address you used during registration. Go to your Sporcle Settings to finish the process.

Report this User

Report this user for behavior that violates our Community Guidelines.

Details: